000 00241nam a2200097Ia 4500
001 1114343
005 20250827004006.0
008 250824s9999 xx 000 0 und d
245 0 _aSÜPER ÖĞRENCİ
_cOLAV SCHEWE
260 _bORENDA YAYINLARI
999 _c1114343
_d1114343